000 00195 a2200097 4500
001 4908
100 _aHartman,HM
245 _aLearn biology
260 _a
_bW&R chambers
_c
090 _c4097
_d4097
942 _aNUST-CAE
_cM
_c30375
999 _c239981
_d239981